| 000 | 01455cam a2200385 a 4500 | ||
|---|---|---|---|
| 999 |
_c533885 _d533885 |
||
| 001 | 13357554 | ||
| 003 | NUST | ||
| 005 | 20200123120704.0 | ||
| 008 | 030930r20041983nyu 000 1 eng | ||
| 010 | _a 2003066306 | ||
| 020 | _a0743464656 | ||
| 038 | _aMSOHAIL | ||
| 040 |
_aDLC _cDLC _dDLC |
||
| 043 | _aaw----- | ||
| 050 | 0 | 0 |
_aPR6062.E33 _bL5 2004 |
| 082 | 0 | 0 |
_a823.914 _222 |
| 100 | 1 |
_aLe Carré, John, _d1931- _911818 |
|
| 245 | 1 | 4 |
_aThe little drummer girl / _cJohn Le Carré. |
| 250 | _a1st Scribner trade pbk. ed. | ||
| 260 |
_aLondon : _bHodder and Stonghton, _c2006. |
||
| 300 |
_a572 p. ; _c22 cm. |
||
| 650 | 0 |
_aTerrorism _xPrevention _vFiction. _97966 |
|
| 650 | 0 |
_aBritish _zMiddle East _vFiction. _927915 |
|
| 650 | 0 |
_aIntelligence officers _vFiction. _911782 |
|
| 650 | 0 |
_aWomen spies _vFiction. _927916 |
|
| 650 | 0 |
_aActresses _vFiction. _911760 |
|
| 651 | 0 |
_aMiddle East _vFiction. _927917 |
|
| 655 | 7 |
_aSpy stories. _2gsafd _98087 |
|
| 856 | 4 | 2 |
_3Contributor biographical information _uhttp://www.loc.gov/catdir/bios/simon053/2003066306.html |
| 856 | 4 | 2 |
_3Publisher description _uhttp://www.loc.gov/catdir/description/simon052/2003066306.html |
| 856 | 4 | 1 |
_3Sample text _uhttp://www.loc.gov/catdir/enhancements/fy0905/2003066306-s.html |
| 906 |
_a7 _bcbc _corignew _d1 _eocip _f20 _gy-gencatlg |
||
| 942 |
_2ddc _cBK |
||